Saneamiento por vicios ocultos las acciones edilicas /

Bibliographic Details
Main Author: Verda y Beamonte, Jos ̌Ramn̤ de
Format: Unknown
Language:Spanish
Published: [Colombia] : Editorial Universidad de Rosario (Colombia), 2009
Subjects:
Online Access:Acceso restringido

MARC

LEADER 00000ny a22000003n 4500
005 2011061401541.0
008 100114s2010 sp 000 0 spa d
020 |a 9789587380385 
035 |a 4896 
040 |a BUS  |d vLex 
080 |a 347.451.031(460) 
080 |a 347.51:338.31(460) 
090 |c 673  |d 673 
100 1 |a Verda y Beamonte, Jos ̌Ramn̤ de 
245 1 0 |a Saneamiento por vicios ocultos  |h [Recurso electrn̤ico]  |b las acciones edilicas /  |c Jos ̌Ramn̤ de Verda y Beamonte  
256 |a Servicio en ln̕ea 
260 |a [Colombia] :  |b Editorial Universidad de Rosario (Colombia),  |c 2009  
506 1 |a Contenido solo disponible en los productos indicados  |d vLex Global  |d vLex Global (Academic Edition, excluding Law Schools)  |d vLex Global (U.S. Academic Edition, Law Schools)  |d vLex Global (U.S. Academic Edition, excluding Law Schools)  |d vLex Global (Academic Edition, Law Schools) 
650 0 4 |a Responsabilidad del fabricante  |z Espaą 
650 0 4 |a Vicios ocultos (Derecho)  |z Espaą 
740 0 |a vLex Libros (Servicios en ln̕ea) 
856 4 0 |u http://vlex.com/source/4896  |z Acceso restringido 
942 |c BOOK 
999 0 |a Law  |b Colombia